<?xml version="1.0" encoding="UTF-8"?>
<record
    xmlns:xsi="http://www.w3.org/2001/XMLSchema-instance"
    xsi:schemaLocation="http://www.loc.gov/MARC21/slim http://www.loc.gov/standards/marcxml/schema/MARC21slim.xsd"
    xmlns="http://www.loc.gov/MARC21/slim">

  <leader>01229nam a22003257a 4500</leader>
  <controlfield tag="005">20250707081016.0</controlfield>
  <controlfield tag="008">110208t        ag ||||| |||| 00| 0 spa d</controlfield>
  <datafield tag="020" ind1=" " ind2=" ">
    <subfield code="a">9680619741</subfield>
  </datafield>
  <datafield tag="020" ind1=" " ind2=" ">
    <subfield code="a">9687157526</subfield>
  </datafield>
  <datafield tag="050" ind1="0" ind2="4">
    <subfield code="a">RK309</subfield>
    <subfield code="b">S72 1987</subfield>
  </datafield>
  <datafield tag="050" ind1="0" ind2="4">
    <subfield code="a">RK309</subfield>
    <subfield code="b">S73 1987</subfield>
  </datafield>
  <datafield tag="130" ind1="0" ind2=" ">
    <subfield code="a">Stafne&#xB4;s oral radiographics diagnosis.</subfield>
    <subfield code="l">Espa&#xF1;ol</subfield>
  </datafield>
  <datafield tag="245" ind1="1" ind2="0">
    <subfield code="a">Stafne. Diagn&#xF3;stico radiol&#xF3;gico en odontolog&#xED;a </subfield>
    <subfield code="c"> / director Joseph A. Gibilisco, Eastwood G. Turlington ; traducci&#xF3;n Irma Lorenzo ; colaboradores Roger E. Cupps,...[et al.]</subfield>
  </datafield>
  <datafield tag="246" ind1="1" ind2="0">
    <subfield code="a">Diagn&#xF3;stico radiol&#xF3;gico en odontolog&#xED;a </subfield>
  </datafield>
  <datafield tag="250" ind1=" " ind2=" ">
    <subfield code="a">5a ed.</subfield>
  </datafield>
  <datafield tag="260" ind1=" " ind2=" ">
    <subfield code="a">Buenos Aires :</subfield>
    <subfield code="b">Medica Panamericana,</subfield>
    <subfield code="c">1987.</subfield>
  </datafield>
  <datafield tag="300" ind1=" " ind2=" ">
    <subfield code="a">542 p. :</subfield>
    <subfield code="b">il. ;</subfield>
    <subfield code="c">26 cm.</subfield>
  </datafield>
  <datafield tag="504" ind1=" " ind2=" ">
    <subfield code="a">Incluye bibliograf&#xED;a e &#xED;ndice</subfield>
  </datafield>
  <datafield tag="650" ind1=" " ind2="7">
    <subfield code="2">lemb</subfield>
    <subfield code="a">Dientes</subfield>
    <subfield code="x">Radiograf&#xED;a</subfield>
  </datafield>
  <datafield tag="650" ind1=" " ind2="7">
    <subfield code="2">lemb</subfield>
    <subfield code="a">Dientes</subfield>
    <subfield code="x">Diagn&#xF3;stico</subfield>
  </datafield>
  <datafield tag="650" ind1=" " ind2="7">
    <subfield code="2">lemb</subfield>
    <subfield code="a">Dientes</subfield>
    <subfield code="x">Enfermedades</subfield>
  </datafield>
  <datafield tag="700" ind1="1" ind2=" ">
    <subfield code="a">Stafne, Edward C.,</subfield>
    <subfield code="e">autor</subfield>
    <subfield code="d">1894-1981</subfield>
  </datafield>
  <datafield tag="700" ind1="1" ind2=" ">
    <subfield code="a">Gibilisco, Joseph A.,</subfield>
    <subfield code="e">director</subfield>
  </datafield>
  <datafield tag="700" ind1="1" ind2=" ">
    <subfield code="a">Turlington,Eastwood G.,</subfield>
    <subfield code="e">director</subfield>
  </datafield>
  <datafield tag="700" ind1="1" ind2=" ">
    <subfield code="a">Lorenzo, Irma,</subfield>
    <subfield code="e">traductor</subfield>
  </datafield>
  <datafield tag="700" ind1="1" ind2=" ">
    <subfield code="a">Cupps, Roger E.,</subfield>
    <subfield code="e">colaborador</subfield>
  </datafield>
  <datafield tag="700" ind1="1" ind2=" ">
    <subfield code="a">Gray, Joel E.,</subfield>
    <subfield code="e">colaborador</subfield>
  </datafield>
  <datafield tag="700" ind1="1" ind2=" ">
    <subfield code="a">Hill, Arnold J.,</subfield>
    <subfield code="e">colaborador</subfield>
  </datafield>
  <datafield tag="942" ind1=" " ind2=" ">
    <subfield code="2">lcc</subfield>
    <subfield code="c">LIB</subfield>
  </datafield>
  <datafield tag="999" ind1=" " ind2=" ">
    <subfield code="c">5954</subfield>
    <subfield code="d">5954</subfield>
  </datafield>
  <datafield tag="952" ind1=" " ind2=" ">
    <subfield code="1">0</subfield>
    <subfield code="2">lcc</subfield>
    <subfield code="4">0</subfield>
    <subfield code="7">0</subfield>
    <subfield code="a">POS-041</subfield>
    <subfield code="b">POS-041</subfield>
    <subfield code="c">GENERAL</subfield>
    <subfield code="d">2011-02-08</subfield>
    <subfield code="f">5a. ed.</subfield>
    <subfield code="k">CA</subfield>
    <subfield code="o">RK309 S72 r1999</subfield>
    <subfield code="p">BPO000000238</subfield>
    <subfield code="r">2011-02-08 00:00:00</subfield>
    <subfield code="t">1</subfield>
    <subfield code="y">LIB</subfield>
    <subfield code="z">GENERAL</subfield>
  </datafield>
  <datafield tag="952" ind1=" " ind2=" ">
    <subfield code="1">0</subfield>
    <subfield code="2">lcc</subfield>
    <subfield code="4">0</subfield>
    <subfield code="7">0</subfield>
    <subfield code="a">LIC-028</subfield>
    <subfield code="b">LIC-028</subfield>
    <subfield code="c">GENERAL</subfield>
    <subfield code="d">2016-07-06</subfield>
    <subfield code="f">5a ed.</subfield>
    <subfield code="i">CS</subfield>
    <subfield code="k">CS</subfield>
    <subfield code="l">1</subfield>
    <subfield code="o">RK309 S73 1992</subfield>
    <subfield code="p">BFO000001414</subfield>
    <subfield code="r">2024-10-30 08:22:31</subfield>
    <subfield code="s">2024-10-30</subfield>
    <subfield code="t">1</subfield>
    <subfield code="v">1.00</subfield>
    <subfield code="y">LIB</subfield>
  </datafield>
  <datafield tag="952" ind1=" " ind2=" ">
    <subfield code="1">0</subfield>
    <subfield code="2">lcc</subfield>
    <subfield code="4">0</subfield>
    <subfield code="7">0</subfield>
    <subfield code="a">LIC-028</subfield>
    <subfield code="b">LIC-028</subfield>
    <subfield code="c">GENERAL</subfield>
    <subfield code="d">2016-07-06</subfield>
    <subfield code="f">5a ed.</subfield>
    <subfield code="i">CS</subfield>
    <subfield code="k">CS</subfield>
    <subfield code="o">RK309 S73 r1999</subfield>
    <subfield code="p">BFO000001413</subfield>
    <subfield code="r">2016-07-06 00:00:00</subfield>
    <subfield code="t">1</subfield>
    <subfield code="v">1.00</subfield>
    <subfield code="y">LIB</subfield>
  </datafield>
  <datafield tag="952" ind1=" " ind2=" ">
    <subfield code="1">0</subfield>
    <subfield code="2">lcc</subfield>
    <subfield code="4">0</subfield>
    <subfield code="7">0</subfield>
    <subfield code="a">LIC-028</subfield>
    <subfield code="b">LIC-028</subfield>
    <subfield code="c">GENERAL</subfield>
    <subfield code="d">2016-08-16</subfield>
    <subfield code="f">5a ed.</subfield>
    <subfield code="i">CS</subfield>
    <subfield code="k">CS</subfield>
    <subfield code="o">RK309 S73 r1992</subfield>
    <subfield code="p">BFO000003120</subfield>
    <subfield code="r">2016-08-16 00:00:00</subfield>
    <subfield code="t">2</subfield>
    <subfield code="v">1.00</subfield>
    <subfield code="y">LIB</subfield>
    <subfield code="z">Codigo anterior BAO000000365</subfield>
  </datafield>
</record>
